[Event "Copenhagen"]
[Site "Copenhagen"]
[Date "1995.??.??"]
[Round "9"]
[White "Carton, Niall"]
[Black "Antonsen, Mikkel"]
[Result "0-1"]
[WhiteElo "2240"]
[BlackElo "2400"]
[PlyCount "40"]
[EventDate "1995.??.??"]
[EventType "tourn"]
[EventRounds "9"]
[EventCountry "DEN"]
[EventCategory "5"]
[SourceTitle "CBM 045 Extra"]
[Source "ChessBase"]
[SourceDate "1995.05.01"]
[SourceVersion "1"]
[SourceVersionDate "1995.05.01"]
[SourceQuality "1"]

1. e4 e6 2. d4 d5 3. Nc3 Bb4 4. e5 c5 5. a3 Ba5 6. b4 cxd4 7. Nb5 Bc7 8. f4 Nh6 9. Nf3 Bd7 10. Nbxd4 Nc6 11. Bb2 Nxd4 12. Nxd4 0-0 13. Bd3 f6 14. Qe2 fxe5 15. fxe5 Qh4+ 16. g3 Qg4 17. 0-0-0 Qxe2 18. Nxe2 Ng4 19. Rhe1 Nxe5 20. Nf4 Nf3 0-1

[Event "Copenhagen"]
[Site "Copenhagen"]
[Date "1995.??.??"]
[Round "1"]
[White "Peschardt, Soren"]
[Black "Carton, Niall"]
[Result "1-0"]
[WhiteElo "2220"]
[BlackElo "2240"]
[PlyCount "91"]
[EventDate "1995.??.??"]
[EventType "tourn"]
[EventRounds "9"]
[EventCountry "DEN"]
[EventCategory "5"]
[SourceTitle "CBM 045 Extra"]
[Source "ChessBase"]
[SourceDate "1995.05.01"]
[SourceVersion "1"]
[SourceVersionDate "1995.05.01"]
[SourceQuality "1"]

1. e4 e6 2. d4 d5 3. Nc3 Bb4 4. exd5 exd5 5. Bd3 Nf6 6. Bg5 h6 7. Bh4 0-0 8. Nge2 c6 9. 0-0 Bd6 10. Bg3 Nh5 11. Bxd6 Qxd6 12. Qd2 f5 13. f4 Nd7 14. Nd1 Ndf6 15. Ne3 g6 16. c4 Bd7 17. c5 Qc7 18. g3 Rae8 19. Kg2 Ne4 20. Bxe4 fxe4 21. h3 Bc8 22. b4 Ng7 23. a4 h5 24. b5 Qd7 25. Ng1 cxb5 26. axb5 Qxb5 27. Nxd5 Qc6 28. Ne3 Nf5 29. Ne2 Rd8 30. Qc3 Qb5 31. Nxf5 Bxf5 32. Qe3 Qd7 33. Rh1 a6 34. Rab1 Rf7 35. Rb6 Kg7 36. Kf2 Qd5 37. Rb4 Qa2 38. Qb3 Qxb3 39. Rxb3 Be6 40. Rb4 Bd5 41. Ke3 Bc6 42. Nc3 Rf5 43. Rd1 g5 44. d5 gxf4+ 45. gxf4 Bxd5 46. Rbd4 1-0

[Event "Copenhagen"]
[Site "Copenhagen"]
[Date "1995.??.??"]
[Round "5"]
[White "Welling, Gerard J"]
[Black "Carton, Niall"]
[Result "1-0"]
[WhiteElo "2400"]
[BlackElo "2240"]
[PlyCount "41"]
[EventDate "1995.??.??"]
[EventType "tourn"]
[EventRounds "9"]
[EventCountry "DEN"]
[EventCategory "5"]
[SourceTitle "CBM 045 Extra"]
[Source "ChessBase"]
[SourceDate "1995.05.01"]
[SourceVersion "1"]
[SourceVersionDate "1995.05.01"]
[SourceQuality "1"]

1. c4 e5 2. Nf3 Nc6 3. Nc3 d6 4. d4 Bg4 5. d5 Nce7 6. e4 g6 7. h3 Bd7 8. c5 Nf6 9. Qb3 Qb8 10. Bg5 Bg7 11. cxd6 cxd6 12. Bb5 a6 13. Bxf6 Bxf6 14. Bxd7+ Kxd7 15. a4 b6 16. Nd2 Bg5 17. Nc4 Nc8 18. 0-0 Bh6 19. Na2 Ra7 20. Nb4 Qc7 21. Nxa6 1-0

[Event "London4"]
[Site "London"]
[Date "1994.??.??"]
[Round "?"]
[White "Carton, Niall"]
[Black "Anagnostopoulos, Dimitrios"]
[Result "1/2-1/2"]
[WhiteElo "2265"]
[BlackElo "2425"]
[PlyCount "118"]
[EventDate "1994.??.??"]
[EventType "tourn"]
[EventRounds "14"]
[EventCountry "ENG"]
[SourceTitle "EXT 1999"]
[Source "ChessBase"]
[SourceDate "1998.11.16"]
[SourceVersion "1"]
[SourceVersionDate "1998.11.16"]
[SourceQuality "1"]

1. e4 c5 2. Nf3 Nc6 3. d4 cxd4 4. Nxd4 Nf6 5. Nc3 d6 6. Be2 e5 7. Nf3 h6 8. h3 Be7 9. 0-0 0-0 10. Be3 a6 11. a4 Be6 12. Nd2 Na5 13. f4 exf4 14. Rxf4 Nd7 15. Rf1 Bg5 16. Bxg5 Qxg5 17. Nf3 Qc5+ 18. Qd4 Nc6 19. Qxc5 dxc5 20. Rad1 Rad8 21. Nd5 Nde5 22. Nxe5 Nxe5 23. Rd2 Rd7 24. Rfd1 Rfd8 25. Kf2 Kf8 26. Ke3 Bxd5 27. Rxd5 Rxd5 28. Rxd5 Rxd5 29. exd5 Ke7 30. Ke4 Kd6 31. c4 g6 32. b3 f6 33. Kf4 Ke7 34. Ke3 a5 35. Kf4 b6 36. Ke3 f5 37. Bd1 g5 38. Be2 Kf6 39. g4 f4+ 40. Ke4 Nf7 41. Bf3 Nd6+ 42. Kd3 Ke5 43. Bg2 Ne8 44. Bh1 Nf6 45. Bf3 Nd7 46. Bg2 Nb8 47. Bh1 Na6 48. Bf3 Nc7 49. Bg2 Ne8 50. Bh1 f3 51. Bxf3 Kf4 52. Ke2 Kg3 53. Ke3 Nd6 54. Bd1 Kxh3 55. Bf3 Kg3 56. Bd1 Kg2 57. Bf3+ Kf1 58. Be2+ Ke1 59. Bf3 Kf1 1/2-1/2

[Event "IRL-ch"]
[Site "Armagh"]
[Date "1994.??.??"]
[Round "2"]
[White "Carton, Niall"]
[Black "Joyce, John"]
[Result "1-0"]
[WhiteElo "2265"]
[BlackElo "2185"]
[PlyCount "71"]
[EventDate "1994.??.??"]
[EventType "swiss"]
[EventRounds "9"]
[EventCountry "IRL"]
[SourceTitle "EXT 1998"]
[Source "ChessBase"]
[SourceDate "1997.11.17"]
[SourceVersion "1"]
[SourceVersionDate "1997.11.17"]
[SourceQuality "1"]

1. e4 c5 2. Nf3 e6 3. d4 cxd4 4. Nxd4 Nc6 5. Nc3 a6 6. Be3 Nge7 7. Be2 Nxd4 8. Qxd4 b5 9. 0-0 Nc6 10. Qd2 Be7 11. f4 0-0 12. Rad1 d6 13. f5 Ne5 14. a4 bxa4 15. Nxa4 Rb8 16. Bd4 Qc7 17. Nc3 Nc6 18. Be3 Rxb2 19. f6 gxf6 20. Bh6 Re8 21. Rf3 Kh8 22. Rg3 Rg8 23. Rxg8+ Kxg8 24. Na4 Rb8 25. Qc3 Qa7+ 26. Kh1 Ne5 27. Qg3+ Ng6 28. h4 Bd7 29. Be3 Qc7 30. Nc5 Bb5 31. c4 Qc6 32. cxb5 axb5 33. h5 Rc8 34. hxg6 hxg6 35. Nxe6 Qxe4 36. Nf4 1-0

[Event "London3"]
[Site "London"]
[Date "1994.??.??"]
[Round "9"]
[White "Carton, Niall"]
[Black "Mortazavi, Ali"]
[Result "1/2-1/2"]
[WhiteElo "2265"]
[BlackElo "2350"]
[PlyCount "52"]
[EventDate "1994.??.??"]
[EventType "tourn"]
[EventRounds "9"]
[EventCountry "ENG"]
[SourceTitle "EXT 1998"]
[Source "ChessBase"]
[SourceDate "1997.11.17"]
[SourceVersion "1"]
[SourceVersionDate "1997.11.17"]
[SourceQuality "1"]

1. e4 g6 2. d4 Bg7 3. Nc3 d6 4. Nf3 Nf6 5. Be2 0-0 6. 0-0 c6 7. a4 Nbd7 8. Be3 e5 9. h3 Qe7 10. dxe5 dxe5 11. Qd2 Nc5 12. Bd3 Nxd3 13. Qxd3 Rd8 14. Qe2 h6 15. Rad1 Bd7 16. Rd2 Nh5 17. Rfd1 Be6 18. Rxd8+ Rxd8 19. Rxd8+ Qxd8 20. Qd2 Qxd2 21. Nxd2 a6 22. a5 Nf4 23. Kf1 Bf8 24. Na4 Bb4 25. Nc5 Bxc5 26. Bxc5 f6 1/2-1/2

[Event "London2"]
[Site "London"]
[Date "1994.??.??"]
[Round "9"]
[White "Martin, Benjamin"]
[Black "Carton, Niall"]
[Result "1-0"]
[WhiteElo "2400"]
[BlackElo "2265"]
[PlyCount "79"]
[EventDate "1994.??.??"]
[EventType "tourn"]
[EventRounds "9"]
[EventCountry "ENG"]
[EventCategory "4"]
[SourceTitle "EXT 1997"]
[Source "ChessBase"]
[SourceDate "1996.11.15"]
[SourceVersion "1"]
[SourceVersionDate "1996.11.15"]
[SourceQuality "1"]

1. Nf3 Nf6 2. g3 g6 3. b3 Bg7 4. Bb2 d6 5. Bg2 0-0 6. 0-0 e5 7. c4 Nc6 8. d3 Nh5 9. Nc3 f5 10. Qd2 Bd7 11. Rac1 f4 12. Nd5 g5 13. c5 g4 14. Ne1 Bh6 15. Be4 Bg5 16. gxf4 Nxf4 17. e3 Nh3+ 18. Kh1 Qe8 19. f4 Qh5 20. Qg2 Bd8 21. Nf3 Be6 22. cxd6 cxd6 23. fxe5 dxe5 24. b4 a6 25. a4 Kh8 26. Nxe5 Rxf1+ 27. Rxf1 Nxe5 28. Qg3 Kg8 29. Bxe5 Rc8 30. Nf6+ Bxf6 31. Bxf6 Bd5 32. Bxd5+ Qxd5+ 33. e4 Qe6 34. Qg2 h5 35. d4 Qb3 36. Qg3 Qc2 37. Qe5 Qc4 38. Qf5 Qxf1+ 39. Qxf1 Rc2 40. Bh4 1-0

[Event "London3"]
[Site "London"]
[Date "1994.??.??"]
[Round "3"]
[White "Martin, Benjamin"]
[Black "Carton, Niall"]
[Result "0-1"]
[WhiteElo "2400"]
[BlackElo "2265"]
[PlyCount "84"]
[EventDate "1994.??.??"]
[EventType "tourn"]
[EventRounds "9"]
[EventCountry "ENG"]
[SourceTitle "EXT 1998"]
[Source "ChessBase"]
[SourceDate "1997.11.17"]
[SourceVersion "1"]
[SourceVersionDate "1997.11.17"]
[SourceQuality "1"]

1. e4 e6 2. d4 d5 3. Nc3 Bb4 4. e5 c5 5. a3 Bxc3+ 6. bxc3 Ne7 7. Nf3 Bd7 8. a4 Qa5 9. Bd2 c4 10. Ng5 h6 11. Qh5 Rf8 12. Nf3 Nbc6 13. Be2 b5 14. 0-0 bxa4 15. Ra3 Rb8 16. Rfa1 Rb2 17. Bd1 Qb5 18. Bc1 Rb1 19. Nd2 Rxa1 20. Rxa1 Qa5 21. Qh3 a6 22. Ba3 Nf5 23. Nf1 Na7 24. g4 Ne7 25. Qe3 Nec6 26. Ng3 Nb5 27. Bc5 Qxc3 28. Rxa4 a5 29. Kg2 Qxe3 30. fxe3 Rg8 31. Bf3 f6 32. exf6 gxf6 33. Ra1 Kf7 34. Rb1 Rb8 35. Ne2 a4 36. e4 Nc7 37. Rxb8 Nxb8 38. Nc3 Bc6 39. Kf2 dxe4 40. Nxe4 Bxe4 41. Bxe4 Nb5 42. c3 a3 0-1

[Event "IRL-ch"]
[Site "Armagh"]
[Date "1994.??.??"]
[Round "1"]
[White "McDonnell, James J"]
[Black "Carton, Niall"]
[Result "0-1"]
[WhiteElo "2135"]
[BlackElo "2265"]
[PlyCount "64"]
[EventDate "1994.??.??"]
[EventType "swiss"]
[EventRounds "9"]
[EventCountry "IRL"]
[SourceTitle "EXT 1998"]
[Source "ChessBase"]
[SourceDate "1997.11.17"]
[SourceVersion "1"]
[SourceVersionDate "1997.11.17"]
[SourceQuality "1"]

1. e4 e6 2. d4 d5 3. Nd2 Nf6 4. e5 Nfd7 5. Bd3 c5 6. c3 Nc6 7. Ne2 Qb6 8. Nf3 cxd4 9. cxd4 f6 10. exf6 Nxf6 11. 0-0 Bd6 12. Nc3 0-0 13. a3 Bd7 14. b4 Qd8 15. Bg5 Qe8 16. Bh4 Qh5 17. Bg3 Bxg3 18. hxg3 Ng4 19. Nh4 g5 20. Be2 e5 21. dxe5 gxh4 22. Qxd5+ Rf7 23. gxh4 Ncxe5 24. Bxg4 Bxg4 25. f3 Bxf3 26. gxf3 Kh8 27. Qe4 Rg8+ 28. Kh1 Nxf3 29. Rf2 Rg4 30. Qe8+ Kg7 31. Qxf7+ Qxf7 32. Raf1 Rxh4+ 0-1

[Event "London3"]
[Site "London"]
[Date "1994.??.??"]
[Round "8"]
[White "Morris, Philip"]
[Black "Carton, Niall"]
[Result "1-0"]
[WhiteElo "2390"]
[BlackElo "2265"]
[PlyCount "76"]
[EventDate "1994.??.??"]
[EventType "tourn"]
[EventRounds "9"]
[EventCountry "ENG"]
[SourceTitle "EXT 1998"]
[Source "ChessBase"]
[SourceDate "1997.11.17"]
[SourceVersion "1"]
[SourceVersionDate "1997.11.17"]
[SourceQuality "1"]

1. e4 e6 2. d4 d5 3. e5 c5 4. c3 Nc6 5. Nf3 Qb6 6. Be2 cxd4 7. cxd4 f6 8. 0-0 fxe5 9. dxe5 Nge7 10. Nc3 g6 11. Bf4 Bg7 12. Qd2 0-0 13. Nb5 Bd7 14. Nbd4 Rf7 15. Rad1 Raf8 16. Bg3 h6 17. h4 Qc7 18. Qe3 a6 19. Bd3 Qd8 20. Bb1 Bc8 21. a3 Qb6 22. Nxc6 Qxc6 23. Nd4 Qb6 24. b4 Bd7 25. Rc1 Bb5 26. Rfe1 Bc4 27. a4 Re8 28. a5 Qxb4 29. Nxe6 Nf5 30. Bxf5 Rxf5 31. Nxg7 Kxg7 32. e6 Qxa5 33. e7 Qb5 34. Qe6 Qc6 35. Be5+ Kh7 36. Bd6 b5 37. h5 Rxh5 38. Qf7+ Kh8 1-0

[Event "London2"]
[Site "London"]
[Date "1994.??.??"]
[Round "7"]
[White "Pigott, John C"]
[Black "Carton, Niall"]
[Result "1/2-1/2"]
[WhiteElo "2370"]
[BlackElo "2265"]
[PlyCount "57"]
[EventDate "1994.??.??"]
[EventType "tourn"]
[EventRounds "9"]
[EventCountry "ENG"]
[EventCategory "4"]
[SourceTitle "EXT 1997"]
[Source "ChessBase"]
[SourceDate "1996.11.15"]
[SourceVersion "1"]
[SourceVersionDate "1996.11.15"]
[SourceQuality "1"]

1. d4 e6 2. c4 Nf6 3. Nc3 Bb4 4. Qc2 c5 5. dxc5 Na6 6. Nf3 Nxc5 7. Bd2 b6 8. e3 Bb7 9. Be2 0-0 10. 0-0 Rc8 11. Nb5 Bxd2 12. Nxd2 a6 13. Nd6 Rc6 14. Nxb7 Nxb7 15. b4 d5 16. Qa4 Qc7 17. Qxa6 dxc4 18. Bf3 Nd5 19. b5 Rd6 20. Nxc4 Qxc4 21. Rfc1 Qb4 22. a3 Qa5 23. Qxb7 Qxb5 24. e4 Nf4 25. Rab1 Qg5 26. Rc8 Ng6 27. g3 Qa5 28. Kg2 Qxa3 29. Rxf8+ 1/2-1/2

[Event "IRL-ch"]
[Site "Ireland"]
[Date "1993.??.??"]
[Round "3"]
[White "Brady, Stephen"]
[Black "Carton, Niall"]
[Result "0-1"]
[WhiteElo "2305"]
[BlackElo "2240"]
[PlyCount "120"]
[EventDate "1993.??.??"]
[EventType "swiss"]
[EventRounds "9"]
[EventCountry "IRL"]
[SourceTitle "EXT 1998"]
[Source "ChessBase"]
[SourceDate "1997.11.17"]
[SourceVersion "1"]
[SourceVersionDate "1997.11.17"]
[SourceQuality "1"]

1. e4 e6 2. d4 d5 3. exd5 exd5 4. Nf3 Bd6 5. c4 dxc4 6. Bxc4 Nf6 7. 0-0 0-0 8. Nc3 c6 9. Qd3 Bg4 10. Bg5 Bh5 11. Rfe1 Nbd7 12. Bb3 Nc5 13. Qe3 Nxb3 14. axb3 h6 15. Bh4 g5 16. Bg3 Bxg3 17. hxg3 Re8 18. Qd2 Rxe1+ 19. Rxe1 Qd6 20. Na4 Bxf3 21. gxf3 Rd8 22. Rd1 b6 23. Nc3 Qe6 24. Qe2 Nd5 25. Qe4 Nxc3 26. Qxe6 fxe6 27. bxc3 e5 28. Rc1 exd4 29. cxd4 Rd6 30. Kf1 Kf7 31. Ke2 Ke6 32. b4 Kd5 33. Kd3 Rf6 34. Ke3 h5 35. Rh1 Rh6 36. Kd3 h4 37. gxh4 Rxh4 38. Rg1 Rxd4+ 39. Kc3 Rc4+ 40. Kb3 Rf4 41. Rxg5+ Kd6 42. Rg6+ Kd5 43. Rg5+ Kd4 44. Rg4 Ke5 45. Rg3 Rf6 46. Kc4 Kd6 47. Rh3 b5+ 48. Kd4 Rf4+ 49. Kc3 Kc7 50. Rh7+ Kb6 51. Rh3 a5 52. bxa5+ Kxa5 53. Kd3 c5 54. Ke3 Rf8 55. f4 c4 56. Rf3 b4 57. f5 c3 58. Kd3 Ka4 59. Kc2 Ka3 60. Kb1 Kb3 0-1

[Event "IRL-ch"]
[Site "Ireland"]
[Date "1993.??.??"]
[Round "9"]
[White "Greer, Kieran"]
[Black "Carton, Niall"]
[Result "1-0"]
[WhiteElo "2230"]
[BlackElo "2240"]
[PlyCount "97"]
[EventDate "1993.??.??"]
[EventType "swiss"]
[EventRounds "9"]
[EventCountry "IRL"]
[SourceTitle "EXT 1998"]
[Source "ChessBase"]
[SourceDate "1997.11.17"]
[SourceVersion "1"]
[SourceVersionDate "1997.11.17"]
[SourceQuality "1"]

1. c4 e5 2. g3 g6 3. Bg2 Bg7 4. Nc3 d6 5. e4 Ne7 6. Nge2 0-0 7. 0-0 f5 8. d3 Nd7 9. exf5 Nxf5 10. b4 a5 11. b5 Nc5 12. Rb1 Ne6 13. Nd5 c6 14. bxc6 bxc6 15. Ndc3 Qc7 16. Ba3 Bd7 17. Ne4 h5 18. Bh3 c5 19. Bg2 Bc6 20. N4c3 Bxg2 21. Kxg2 Ne7 22. Ne4 Rfd8 23. Rb5 Rab8 24. Rxb8 Rxb8 25. Qc2 Nc6 26. N2c3 Ncd4 27. Qd2 Qf7 28. Qd1 Bf8 29. f3 Qf5 30. Nd5 h4 31. Ndf6+ Kg7 32. g4 Nf4+ 33. Kh1 Qe6 34. Qe1 Be7 35. Qxa5 Nc6 36. Qa6 Bxf6 37. Qxc6 Be7 38. Qc7 Rc8 39. Qb7 Nxd3 40. Ng5 Qf6 41. Qxc8 Qxg5 42. Qb7 h3 43. Bc1 Nxc1 44. f4 Qxg4 45. Qxe7+ Kg8 46. Qg5 Qxg5 47. fxg5 Nd3 48. Kg1 e4 49. a4 1-0

[Event "IRL-ch"]
[Site "Dublin"]
[Date "1992.??.??"]
[Round "7"]
[White "Carton, Niall"]
[Black "Ludgate, Alan Templeton"]
[Result "1-0"]
[WhiteElo "2240"]
[BlackElo "2250"]
[PlyCount "99"]
[EventDate "1992.??.??"]
[EventType "swiss"]
[EventRounds "9"]
[EventCountry "IRL"]
[SourceTitle "EXT 1998"]
[Source "ChessBase"]
[SourceDate "1997.11.17"]
[SourceVersion "1"]
[SourceVersionDate "1997.11.17"]
[SourceQuality "1"]

1. e4 g6 2. d4 Bg7 3. Nc3 d6 4. Nf3 Nf6 5. Be2 0-0 6. 0-0 c6 7. Bf4 Nbd7 8. Qd2 Qc7 9. h3 e5 10. dxe5 dxe5 11. Be3 Nh5 12. Rad1 Nf4 13. Qd6 Qxd6 14. Rxd6 Nxe2+ 15. Nxe2 Nf6 16. Nc3 Nh5 17. Rfd1 Nf4 18. a4 a5 19. Kh2 Ne6 20. Nb1 Re8 21. Na3 Bf8 22. Nc4 Bxd6 23. Nxd6 Re7 24. Nxe5 f6 25. Ng4 g5 26. Nxf6+ Kg7 27. Ng4 Nf4 28. Bd4+ Kf8 29. Nxc8 Rxc8 30. Bc5 Kf7 31. Nh6+ Kf6 32. Bxe7+ Kxe7 33. Nf5+ Ke6 34. g3 Ng6 35. Rd6+ Ke5 36. f3 Rc7 37. Rd8 Kf6 38. Kg2 b5 39. axb5 cxb5 40. Ne3 Rc5 41. Rd5 Rxd5 42. Nxd5+ Ke5 43. c3 Kd6 44. Kf2 Kc5 45. Ke3 Kc4 46. f4 gxf4+ 47. gxf4 a4 48. Nb4 Kb3 49. Nd3 Kc2 50. f5 1-0

[Event "Telecom op"]
[Site "Dublin"]
[Date "1992.??.??"]
[Round "?"]
[White "Carton, Niall"]
[Black "Quinn, Mark"]
[Result "1/2-1/2"]
[WhiteElo "2240"]
[BlackElo "2275"]
[PlyCount "44"]
[EventDate "1992.??.??"]
[EventType "swiss"]
[EventRounds "6"]
[EventCountry "IRL"]
[SourceTitle "EXT 2000"]
[Source "ChessBase"]
[SourceDate "1999.11.16"]
[SourceVersion "1"]
[SourceVersionDate "1999.11.16"]
[SourceQuality "1"]

1. e4 e6 2. d4 d5 3. Nc3 Bb4 4. e5 Qd7 5. a3 Bxc3+ 6. bxc3 b6 7. Qg4 f5 8. Qh5+ Qf7 9. Qf3 Ba6 10. Bxa6 Nxa6 11. h4 Nb8 12. Nh3 Nc6 13. Nf4 0-0-0 14. Qe2 Kb7 15. Nd3 Ka8 16. Nb2 Qd7 17. Be3 Nge7 18. f4 Na5 19. Kf2 Qc6 20. Bd2 Nc4 21. Rhb1 a5 22. a4 Nc8 1/2-1/2

[Event "BCF-ch 77th"]
[Site "Eastbourne"]
[Date "1990.??.??"]
[Round "?"]
[White "Carton, Niall"]
[Black "Flear, Glenn C"]
[Result "0-1"]
[WhiteElo "2205"]
[BlackElo "2470"]
[PlyCount "52"]
[EventDate "1990.07.??"]
[EventType "swiss"]
[EventRounds "11"]
[EventCountry "ENG"]
[SourceTitle "EXT 2000"]
[Source "ChessBase"]
[SourceDate "1999.11.16"]
[SourceVersion "1"]
[SourceVersionDate "1999.11.16"]
[SourceQuality "1"]

1. e4 e5 2. Nf3 Nc6 3. c3 Nf6 4. d4 Nxe4 5. d5 Ne7 6. Nxe5 Ng6 7. Qd4 Qf6 8. Qxe4 Qxe5 9. Qxe5+ Nxe5 10. Bf4 d6 11. Be2 Be7 12. 0-0 Bd7 13. Nd2 0-0-0 14. Rac1 h6 15. Be3 a6 16. c4 Rhe8 17. Nf3 Bg4 18. Nxe5 Bxe2 19. Nxf7 Rd7 20. Rfe1 Bh5 21. Nxh6 gxh6 22. Bxh6 Rg8 23. Kf1 Bf6 24. b3 Bb2 25. Rc2 Be5 26. h3 Rh7 0-1

[Event "Oakham YM"]
[Site "Oakham"]
[Date "1990.??.??"]
[Round "?"]
[White "Hennigan, Michael"]
[Black "Carton, Niall"]
[Result "1/2-1/2"]
[WhiteElo "2355"]
[BlackElo "2205"]
[PlyCount "122"]
[EventDate "1990.03.??"]
[EventType "swiss"]
[EventRounds "9"]
[EventCountry "ENG"]
[SourceTitle "CBM 016 Extra"]
[Source "ChessBase"]
[SourceDate "1990.07.01"]
[SourceVersion "1"]
[SourceVersionDate "1990.07.01"]
[SourceQuality "1"]

1. e4 e6 2. d4 d5 3. Nd2 Nf6 4. e5 Nfd7 5. f4 c5 6. c3 Nc6 7. Ndf3 Qb6 8. g3 f6 9. Bh3 cxd4 10. cxd4 Bb4+ 11. Kf1 fxe5 12. fxe5 0-0 13. Kg2 Ndxe5 14. dxe5 Nxe5 15. Qe2 Nc4 16. b3 Bc3 17. Rb1 Bf6 18. Qd3 Nd6 19. Ne2 Qa5 20. a4 Ne4 21. Nf4 Re8 22. Bb2 Qc5 23. Rhf1 Qd6 24. Bxf6 Nxf6 25. Ng5 e5 26. Nh5 e4 27. Qe2 Bxh3+ 28. Nxh3 Nxh5 29. Qxh5 g6 30. Qe2 Rac8 31. Rbc1 Rxc1 32. Rxc1 d4 33. Qc4+ Kh8 34. Ng5 Qd7 35. Qf7 Qxf7 36. Nxf7+ Kg7 37. Nd6 Re7 38. Re1 e3 39. Kf3 Kf6 40. Nc4 Kf5 41. g4+ Kg5 42. Kg3 a6 43. h4+ Kf6 44. a5 Ke6 45. Kf4 Kd5 46. Nb6+ Kc5 47. Kf3 Re6 48. Ke2 Re4 49. Rg1 h5 50. gxh5 gxh5 51. Kd3 Rxh4 52. Nc4 Kb4 53. Rg7 Kxb3 54. Rxb7+ Ka4 55. Rb6 Rh1 56. Rxa6 Rd1+ 57. Ke2 Rc1 58. Rc6 Rc2+ 59. Kd3 Ra2 60. a6 e2 61. Re6 Kb5 1/2-1/2

[Event "BCF-ch 77th"]
[Site "Eastbourne"]
[Date "1990.??.??"]
[Round "?"]
[White "McNab, Colin Anderson"]
[Black "Carton, Niall"]
[Result "1-0"]
[WhiteElo "2390"]
[BlackElo "2205"]
[PlyCount "47"]
[EventDate "1990.07.??"]
[EventType "swiss"]
[EventRounds "11"]
[EventCountry "ENG"]
[SourceTitle "EXT 2000"]
[Source "ChessBase"]
[SourceDate "1999.11.16"]
[SourceVersion "1"]
[SourceVersionDate "1999.11.16"]
[SourceQuality "1"]

1. Nf3 d5 2. g3 Nf6 3. Bg2 e6 4. b3 Bd6 5. Bb2 0-0 6. c4 c6 7. 0-0 Nbd7 8. d4 Ng4 9. h3 Nh6 10. Nbd2 Bc7 11. e4 dxe4 12. Nxe4 Nf6 13. Nxf6+ Qxf6 14. Qe2 Qe7 15. Rad1 Nf5 16. Ne5 Rd8 17. Be4 a5 18. Nxc6 bxc6 19. Bxf5 Qg5 20. Be4 Bb7 21. Qf3 Ra6 22. h4 Qe7 23. Rfe1 Qf8 24. c5 1-0

[Event "Lloyds Bank op 13th"]
[Site "London"]
[Date "1989.??.??"]
[Round "?"]
[White "Rogers, Ian"]
[Black "Carton, Niall"]
[Result "1-0"]
[WhiteElo "2470"]
[BlackElo "2275"]
[PlyCount "45"]
[EventDate "1989.08.??"]
[EventType "swiss"]
[EventRounds "10"]
[EventCountry "ENG"]
[SourceTitle "TD"]
[Source "ChessBase"]
[SourceDate "1994.03.01"]
[SourceVersion "1"]
[SourceVersionDate "1994.03.01"]
[SourceQuality "1"]

1. c4 Nf6 2. Nc3 e5 3. g3 g6 4. Bg2 Bg7 5. e4 d6 6. Nge2 Nc6 7. d3 0-0 8. 0-0 Nh5 9. f4 f5 10. Be3 Be6 11. Nd5 Qd7 12. Qd2 Rae8 13. Rae1 Nf6 14. Kh1 Rf7 15. b3 fxe4 16. dxe4 Bh3 17. Nxf6+ Rxf6 18. Nc3 exf4 19. gxf4 Bxg2+ 20. Qxg2 Rfe6 21. Bd2 Nd4 22. Rd1 b5 23. f5 1-0